| 000 | 01373cam a2200409 a 4500 | ||
|---|---|---|---|
| 001 | 14035522 | ||
| 003 | OSt | ||
| 005 | 20140310184518.0 | ||
| 008 | 050713s2006 nyu c 000 1 eng | ||
| 010 | _a 2005020152 | ||
| 020 | _a9780439700870 | ||
| 035 | _a(OCoLC)ocm61229579 | ||
| 040 |
_aDLC _cDLC _dIG# _dBAKER _dS6L _dXY4 _dVP@ _dDLC |
||
| 042 | _alcac | ||
| 050 | 0 | 0 |
_aPZ 7 _b.N647 2006 |
| 100 | 1 |
_aNix, Garth. _919379 |
|
| 245 | 1 | 0 |
_aSir Thursday / _cGarth Nix. |
| 250 | _a1st ed. | ||
| 260 |
_aNew York : _bScholastic Press, _c2006. |
||
| 300 |
_a344 p. : _c21 cm. |
||
| 490 | 1 |
_aKeys to the kingdom ; _vbk. 4 |
|
| 521 | _aG8 | ||
| 526 | _c980 | ||
| 650 | 0 |
_aSoldiers _vJuvenile fiction. _919387 |
|
| 650 | 0 |
_aMagic _vJuvenile fiction. _919388 |
|
| 650 | 0 |
_aSpace and time _vJuvenile fiction. _919389 |
|
| 650 | 1 |
_aSoldiers _vFiction. _919390 |
|
| 650 | 1 |
_aMagic _vFiction. _919391 |
|
| 650 | 1 |
_aSpace and time _vFiction. _919392 |
|
| 650 | 1 |
_aFantasy. _93293 |
|
| 800 | 1 |
_aNix, Garth. _tKeys to the kingdom ; _vbk. 4. _919393 |
|
| 856 | 4 | 2 |
_3Publisher description _uhttp://www.loc.gov/catdir/enhancements/fy1115/2005020152-d.html |
| 906 |
_a7 _bcbc _corignew _d1 _eecip _f20 _gy-gencatlg |
||
| 942 |
_2lcc _cBK-SCHOLAS |
||
| 999 |
_c34980 _d34980 |
||